La evaluación sensorial de los alimentos en la teoría y la práctica
Tallennettuna:
| Päätekijä: | |
|---|---|
| Aineistotyyppi: | Kirja |
| Kieli: | espanja |
| Julkaistu: |
Zaragoza
Acribia
1994
|
| Aiheet: | |
| Tagit: |
Lisää tagi
Ei tageja, Lisää ensimmäinen tagi!
|
MARC
| LEADER | 00000cam a2200000 a 4500 | ||
|---|---|---|---|
| 001 | UCP9617 | ||
| 003 | CL-VaPUC | ||
| 005 | 20230816111616.0 | ||
| 008 | 000331e19940000SP |||||||||||||||||spa|d | ||
| 020 | |a 8420007676 | ||
| 040 | |c Pontificia Universidad Católica de Valparaíso | ||
| 082 | 0 | 4 | |a 664.07 ANZ 1994 |
| 100 | 0 | |a Anzaldúa-Morales, Antonio |e author |9 440276 | |
| 245 | 1 | 3 | |a La evaluación sensorial de los alimentos en la teoría y la práctica |
| 260 | |a Zaragoza |b Acribia |c 1994 | ||
| 300 | |a 198 p | ||
| 650 | 0 | |a Alimentos |9 256203 | |
| 650 | 7 | |a CONTROL DE ALIMENTOS |2 CL-VaPUC |9 262967 | |
| 942 | |c BK |2 ddc | ||
| 945 | |d 20000331 00:00:00 |a vberengu | ||
| 999 | |c 286409 |d 286407 | ||
| 952 | |0 0 |1 0 |4 0 |6 664_070000000000000_ANZ_1994 |7 0 |8 A |9 332222 |a BIBALI |b BIBALI |c RES |d 2019-11-20 |i 359615K |o 664.07 ANZ 1994 |p 359615K |r 2025-01-20 |w 2019-11-20 |y BK_R |k ALI | ||
| 952 | |0 0 |1 0 |4 0 |6 664_070000000000000_ANZ_1994 |7 0 |8 A |9 332223 |a BIBALI |b BIBALI |c RES |d 2019-11-20 |i 4901924 |l 2 |o 664.07 ANZ 1994 |p 4901924 |r 2025-01-20 |s 2020-03-18 |w 2019-11-20 |y BK_R |k ALI | ||
| 952 | |0 0 |1 0 |2 ddc |4 0 |6 664_070000000000000_ANZ_1994 |7 0 |8 A |9 515226 |a BIBALI |b BIBALI |c RES |d 2020-01-24 |g 23256.00 |i 5573149 |l 2 |o 664.07 ANZ 1994 |p 5573149 |r 2025-01-20 |s 2023-05-02 |t 3 |v 23256.00 |w 2020-01-24 |y BK_R |k ALI | ||